[Event "St Jean op"]
[Site "St Jean sur Richelieu"]
[Date "2004.06.26"]
[Round "2"]
[White "Fullum, Steve"]
[Black "Cournoyer, Dominic"]
[Result "0-1"]
[WhiteElo "1148"]
[BlackElo "1178"]
[PlyCount "80"]
[EventDate "2004.06.??"]
[EventType "swiss"]
[EventRounds "5"]
[EventCountry "CAN"]
[SourceTitle "EXT 2006"]
[Source "ChessBase"]
[SourceDate "2005.11.24"]
[SourceVersion "1"]
[SourceVersionDate "2005.11.24"]
[SourceQuality "1"]

1. d4 f5 2. Nc3 Nf6 3. f3 d5 4. Bg5 c6 5. Bxf6 exf6 6. Qd2 Bd6 7. 0-0-0 0-0 8. e4 Qc7 9. Nge2 fxe4 10. fxe4 dxe4 11. Nxe4 Be6 12. Nxd6 Qxd6 13. Nf4 Bxa2 14. g3 Nd7 15. Qa5 Bf7 16. Bg2 Nb6 17. d5 cxd5 18. Nxd5 Qe5 19. Rhe1 Qg5+ 20. Qd2 Qxd2+ 21. Rxd2 Nxd5 22. Bxd5 Bxd5 23. Rxd5 Rf7 24. Red1 Re7 25. Rd8+ Rxd8 26. Rxd8+ Kf7 27. Kd2 Ke6 28. Kd3 Rd7+ 29. Rxd7 Kxd7 30. Ke4 Ke6 31. h4 g5 32. c4 f5+ 33. Kf3 h6 34. b3 Ke5 35. hxg5 hxg5 36. g4 f4 37. c5 Kd4 38. b4 Kc4 39. Ke4 Kxb4 40. Kf5 f3 0-1

[Event "St Jean op"]
[Site "St Jean sur Richelieu"]
[Date "2004.06.25"]
[Round "1"]
[White "Senecal, Jean Pierre"]
[Black "Fullum, Steve"]
[Result "0-1"]
[WhiteElo "1418"]
[BlackElo "1148"]
[PlyCount "114"]
[EventDate "2004.06.??"]
[EventType "swiss"]
[EventRounds "5"]
[EventCountry "CAN"]
[SourceTitle "EXT 2006"]
[Source "ChessBase"]
[SourceDate "2005.11.24"]
[SourceVersion "1"]
[SourceVersionDate "2005.11.24"]
[SourceQuality "1"]

1. e4 c5 2. c3 e5 3. Nf3 Nc6 4. Bb5 d6 5. 0-0 Nf6 6. Re1 Bd7 7. d4 Qc7 8. Bg5 Be7 9. Na3 0-0 10. Bh4 a6 11. Bxc6 Bxc6 12. d5 Bd7 13. Rc1 Rac8 14. h3 h6 15. Nc2 Qd8 16. Bg3 Nh5 17. Bh2 Nf4 18. Bxf4 exf4 19. e5 Bf5 20. c4 dxe5 21. Rxe5 Bxc2 22. Rxc2 Bd6 23. Re1 Re8 24. Rce2 Rxe2 25. Qxe2 Qd7 26. Ne5 Qe7 27. Nd3 Qxe2 28. Rxe2 Kf8 29. f3 b5 30. b3 Re8 31. Kf2 Rxe2+ 32. Kxe2 g5 33. Nf2 f6 34. Ne4 Ke7 35. Kd3 b4 36. Nf2 h5 37. Ke4 Be5 38. Kf5 h4 39. Ne4 Bd4 40. d6+ Kd7 41. Nxf6+ Bxf6 42. Kxf6 Kxd6 43. Kxg5 Ke5 44. Kxh4 Kd4 45. Kg5 Kd3 46. Kxf4 Kc2 47. h4 Kb2 48. h5 Kxa2 49. h6 Kxb3 50. h7 Ka2 51. h8Q b3 52. Qf6 b2 53. Qxa6+ Kb1 54. Qa3 Kc2 55. Qa2 Kc1 56. Ke4 b1Q+ 57. Qxb1+ Kxb1 0-1